Reaching the unreached with Social Work Education: (Record no. 180607)

MARC details
000 -LEADER
fixed length control field 00670nam a22001937a 4500
005 - DATE AND TIME OF LATEST TRANSACTION
control field 20210812123810.0
010 ## - LCCN (DPL NO)
LC control number ENG-129842
020 ## - INTERNATIONAL STANDARD BOOK NUMBER
Terms of availability 695.00
International Standard Book Number 978-81-7658-082-3
035 ## - SYSTEM CONTROL NUMBER
System control number EN-113374
037 ## - SOURCE OF ACQUISITION
Source of stock number/acquisition DBAD/PUB
082 ## - DEWEY DECIMAL CLASSIFICATION NUMBER
Classification number 361.3071054
100 ## - MAIN ENTRY--PERSONAL NAME
Personal name Ghosh, P.K.
245 ## - TITLE STATEMENT
Title Reaching the unreached with Social Work Education:
Remainder of title The Gracious Way/
Statement of responsibility, etc P.K. Ghosh, Aneesh Kurian
250 ## - EDITION STATEMENT
Edition statement 2016
260 ## - PUBLICATION, DISTRIBUTION, ETC. (IMPRINT)
Name of publisher, distributor, etc Uppal Publishing House
Date of publication, distribution, etc 2016
Place of publication, distribution, etc New Delhi
270 ## - ADDRESS
Address 23 Ansari Road ,Darya ganj
City New Delhi
Postal code 110002
Telephone number 011-23273756
Electronic mail address uppalbooks@gmail.com
300 ## - PHYSICAL DESCRIPTION
Extent 218 p.
Dimensions 22cm (hbk)
Other physical details Index, Bibiliography
942 ## - ADDED ENTRY ELEMENTS (KOHA)
Source of classification or shelving scheme Dewey Decimal Classification
Item type English Books
Classification part 361.3071054
Call number prefix GHO
Holdings
Withdrawn status Lost status Not for loan Collection code Home library Current library Date acquired Source of acquisition Cost, normal purchase price Full call number Barcode Copy number Cost, replacement price Koha item type
      Non-fiction Sarojini Nagar Sarojini Nagar 12/08/2021 DBAD/PUB 695.00 361.3071054 GHO EN-113374 1 695.00 English Books

© Delhi Public Library
Hit Counter
free hit counter